<?xml version="1.0" encoding="UTF-8"?>
<collection xmlns="http://www.loc.gov/MARC21/slim">
    <record>
        <controlfield tag="001">71150</controlfield>
        <controlfield tag="005">20180723131433.0</controlfield>
        <datafield tag="037" ind1=" " ind2=" ">
            <subfield code="a">TAZ-TFG-2018-1457</subfield>
        </datafield>
        <datafield tag="041" ind1=" " ind2=" ">
            <subfield code="a">spa</subfield>
        </datafield>
        <datafield tag="100" ind1="1" ind2=" ">
            <subfield code="a">Sánchez Romanillos, Sergio</subfield>
        </datafield>
        <datafield tag="242" ind1="0" ind2="0">
            <subfield code="a">ERP Implementation for the Tecnivial SME</subfield>
        </datafield>
        <datafield tag="245" ind1="0" ind2="0">
            <subfield code="a">Implantación de ERP para la PYME Tecnivial</subfield>
        </datafield>
        <datafield tag="260" ind1=" " ind2=" ">
            <subfield code="a">Zaragoza</subfield>
            <subfield code="b">Universidad de Zaragoza</subfield>
            <subfield code="c">2018</subfield>
        </datafield>
        <datafield tag="500" ind1=" " ind2=" ">
            <subfield code="a">Se enviará material físico por correo postal a Secretaría Con la colaboración de la empresa Tecnivial.</subfield>
        </datafield>
        <datafield tag="506" ind1=" " ind2=" ">
            <subfield code="a">by-nc-sa</subfield>
            <subfield code="b">Creative Commons</subfield>
            <subfield code="c">3.0</subfield>
            <subfield code="u">http://creativecommons.org/licenses/by-nc-sa/3.0/</subfield>
        </datafield>
        <datafield tag="520" ind1=" " ind2=" ">
            <subfield code="a">En la industria moderna, uno de los claros avances que ha supuesto una revolución en la gestión de los recursos y de los diferentes procesos y actividades productivas han sido los denominados software de planificación de recursos empresariales (“ERP”, por sus siglas en inglés, enterprise resource planning). En este proyecto, nos vamos a enfrentar a una implantación de un software ERP en una empresa completamente real, llamada TECNIVIAL, líder en señalización, balizamiento y seguridad vial en carreteras, uno de los principales proveedores de ADIF y AENA en materia de señalización y uno de los referentes nacionales en imagen corporativa. Además, esta empresa posee un sistema de gestión integrada certificada según la ISO 9001 y 14001. La principal motivación de la empresa, no es otro que el de aumentar la eficiencia de gestión de la información generada de sus diferentes actividades. Se constituye como parte fundamental de este proyecto el feedback obtenido desde la propia empresa mediante una colaboración proactiva por parte de la misma. Las partes esenciales de esta colaboración han sido la aportación de información y sugerencias de forma proactiva, la validación y revisión del trabajo efectuado y la aprobación final de este trabajo de fin de grado. Mediante esta memoria, se pretende realizar una planificación de la implantación futura del software Odoo en TECNIVIAL y la generación de una simulación-prototipo, según las características y particularidades propias de la empresa.</subfield>
        </datafield>
        <datafield tag="521" ind1=" " ind2=" ">
            <subfield code="a">Graduado en Ingeniería de Organización Industrial</subfield>
        </datafield>
        <datafield tag="540" ind1=" " ind2=" ">
            <subfield code="a">Derechos regulados por licencia Creative Commons</subfield>
        </datafield>
        <datafield tag="700" ind1=" " ind2=" ">
            <subfield code="a">Esteban Sánchez, Ana Lucía</subfield>
            <subfield code="e">dir.</subfield>
        </datafield>
        <datafield tag="710" ind1="2" ind2=" ">
            <subfield code="a">Universidad de Zaragoza</subfield>
            <subfield code="b"> </subfield>
            <subfield code="c"></subfield>
        </datafield>
        <datafield tag="856" ind1="0" ind2=" ">
            <subfield code="f">602900@celes.unizar.es</subfield>
        </datafield>
        <datafield tag="856" ind1="4" ind2=" ">
            <subfield code="s">534399</subfield>
            <subfield code="u">http://zaguan.unizar.es/record/71150/files/TAZ-TFG-2018-1457_ANE.pdf</subfield>
            <subfield code="y">Anexos (spa)</subfield>
        </datafield>
        <datafield tag="856" ind1="4" ind2=" ">
            <subfield code="s">8091737</subfield>
            <subfield code="u">http://zaguan.unizar.es/record/71150/files/TAZ-TFG-2018-1457.pdf</subfield>
            <subfield code="y">Memoria (spa)</subfield>
        </datafield>
        <datafield tag="909" ind1="C" ind2="O">
            <subfield code="o">oai:zaguan.unizar.es:71150</subfield>
            <subfield code="p">driver</subfield>
            <subfield code="p">trabajos-fin-grado</subfield>
        </datafield>
        <datafield tag="950" ind1=" " ind2=" ">
            <subfield code="a"></subfield>
        </datafield>
        <datafield tag="951" ind1=" " ind2=" ">
            <subfield code="a">deposita:2018-07-23</subfield>
        </datafield>
        <datafield tag="980" ind1=" " ind2=" ">
            <subfield code="a">TAZ</subfield>
            <subfield code="b">TFG</subfield>
            <subfield code="c">ALM</subfield>
        </datafield>
        <datafield tag="999" ind1=" " ind2=" ">
            <subfield code="a">20180617113100.CREATION_DATE</subfield>
        </datafield>
    </record>

    
</collection>